| 000 | 01259nac a22004217a 4500 | ||
|---|---|---|---|
| 001 | BR2015002335 | ||
| 003 | BR-BrBNA | ||
| 005 | 20240105124019.0 | ||
| 008 | 230509b bl.|||m| |||| 00| 0 por d | ||
| 040 |
_aBR-BrBNA _bpor _cBiblioteca Nacional de Agricultura |
||
| 072 | _aF01 | ||
| 090 | _a1300 BR2015002335 | ||
| 100 | 1 | _aRebelo, J.A. | |
| 110 | 1 | _aEmpresa de Pesquisa Agropecuária e Extensão Rural de Santa Catarina S.A., Florianópolis (Brasil) | |
| 245 | 1 | _aProdução de Hortaliças em Santa Catarina | |
| 260 | 3 |
_aFlorianópolis, SC (Brasil): _c2014. |
|
| 300 | _a156 p. | ||
| 490 |
_aBoletim Técnico - Empresa de Pesquisa Agropecuária e Extensão de Santa Catarina (Brazil) _vno. 107 _xISSN 1414-5219 |
||
| 500 | _a46 illus.; Bibliography p.152-156 | ||
| 650 | _aHORTALIÇA | ||
| 650 | _aALFACE | ||
| 650 | _aBATATA DOCE | ||
| 650 | _aBETERRABA | ||
| 650 | _aCENOURA | ||
| 650 | _aCHUCHU | ||
| 650 | _aFEIJÃO TREPADOR | ||
| 650 | _aMORANGO | ||
| 650 | _aPIMENTA | ||
| 650 | _aINHAME | ||
| 650 | _aTOMATE | ||
| 650 | _aPRODUÇÃO | ||
| 650 | _aMUDA | ||
| 650 | _aMANEJO DO SOLO | ||
| 650 | _aAGROTÓXICO | ||
| 650 | _aCOLHEITA | ||
| 909 |
_a202312 _bLúcia Elande _c55 _dLúcia Elande |
||
| 942 |
_2AGRIS _n0 _cMS |
||
| 999 |
_c297984 _d297984 |
||